Friends Trivia #3 - Statistics

General Stats
  • This quiz has been taken 50 times
  • The average score is 6 of 9
Answer Stats
Hint Answer % Correct
How many friends are there? 6
100%
Who does Rachel leave at the altar in the first episode? Barry
91%
In 'The One Where Ross Gets A Tan', how many does he get on his back? 8
85%
What is the name of Carol's lesbian friend? Susan
83%
What does joey wear that is later accused of being a women's accessory? Bag
70%
who does Barry marry? Mindy
60%
Where does Emily live? UK
60%
What sport do Liam and Devon play? Rugby
53%
When Joey tries to help Ross with his leather pants, he asks what color the paste is, wondering if ross could make a pair of _____? Paste Pants
45%
No matching quizzes found
Score Distribution
Percent of People with Each Score
Percentile by Number Answered
Your Score History
You have not taken this quiz